| 000 | 00861nam0a22002411 4500 | ||
|---|---|---|---|
| 001 | rc\152507 | ||
| 005 | 20250620211200.0 | ||
| 035 | _a(NLR Aleph) 005420360 | ||
| 090 |
_a7468859 _c7468859 |
||
| 100 | _a20030307d1997 |||y0rusy50 ca | ||
| 101 | 0 | _arus | |
| 102 | _aRU | ||
| 105 | _aa ||||||||| | ||
| 200 | 1 |
_aПередающие телевизионные камеры _eУчеб. пособие _fГ.В. Мамчев _gМ-во связи РФ. Сиб. гос. акад. телекоммуникаций и информатики |
|
| 210 |
_aНовосибирск _cСибГАТИ _d1997 |
||
| 215 |
_a91 с. _cил. _d20 |
||
| 320 | _aБиблиогр.: с. 91 | ||
| 700 | 1 |
_aМамчев _bГ.В. _gГеннадий Владимирович |
|
| 801 | 0 |
_aRU _bNLR _gpsbo |
|
| 801 | 1 |
_aRU _bELAR _2rusmarc |
|
| 852 |
_aNLR _j97-4/12899 |
||
| 942 | _cBOOK | ||
| 980 | _aNB | ||